000 00300nam a22001337a 4500
008 170612b xxu||||| |||| 00| 0 eng d
020 _a0312635389
041 _aeng
080 _a32
100 _a19
101 _aSHP
245 _aTHE PRACTICE OF POLICY EVALUATION
_cNACHMIAS, D
942 _2udc
_cBK
999 _c16901
_d16901